Bakul Phular Dare/ (Record no. 10434)

MARC details
000 -LEADER
fixed length control field 00546cam a2200205ua 4500
005 - DATE AND TIME OF LATEST TRANSACTION
control field 20250515052839.0
008 - FIXED-LENGTH DATA ELEMENTS--GENERAL INFORMATION
fixed length control field 191012n ii |||gr||||Z||||||asm
040 ## - CATALOGING SOURCE
Transcribing agency MAIN
041 ## - LANGUAGE CODE
Language code of sung or spoken text Assamese
082 ## - DEWEY DECIMAL CLASSIFICATION NUMBER
Classification number 891.4513
Item number KAL
100 ## - MAIN ENTRY--PERSONAL NAME
Personal name Kalita, Mrinal Chandra
Relator term Author
245 ## - TITLE STATEMENT
Title Bakul Phular Dare/
Statement of responsibility, etc. By Mrinal Chandra Kalita
250 ## - EDITION STATEMENT
Edition statement 2nd ed.
260 ## - PUBLICATION, DISTRIBUTION, ETC.
Place of publication, distribution, etc. Guwahati:
Name of publisher, distributor, etc. Bandhav,
Date of publication, distribution, etc. 2017.
300 ## - PHYSICAL DESCRIPTION
Extent 183p.
650 ## - SUBJECT ADDED ENTRY--TOPICAL TERM
Topical term or geographic name entry element Assamese novel
942 ## - ADDED ENTRY ELEMENTS (KOHA)
Koha item type Books
Source of classification or shelving scheme Dewey Decimal Classification
653 ## - INDEX TERM--UNCONTROLLED
Uncontrolled term East Indo-European & Celtic literatures
653 ## - INDEX TERM--UNCONTROLLED
Uncontrolled term Assamese novel
Holdings
Withdrawn status Lost status Source of classification or shelving scheme Damaged status Not for loan Collection code Home library Current library Shelving location Date acquired Cost, normal purchase price Total Checkouts Full call number Barcode Date last seen Date last checked out Copy number Price effective from Koha item type Date due
    Dewey Decimal Classification     Assamese Central Library, Naharkatiya College Central Library, Naharkatiya College General Stacks 19/09/2020 250.00 43 891.4513 KAL 26313 20/11/2025 06/11/2025 1 19/09/2020 Books  
    Dewey Decimal Classification     Assamese Central Library, Naharkatiya College Central Library, Naharkatiya College General Stacks 15/05/2025 250.00 12 891.4513 KAL 30781 23/04/2026 23/04/2026 2 15/05/2025 Books 12/05/2026

Naharkatiya College © 2020. All rights reserved.

Powered By